00371pab a2200109 454500008003600000100002500036245008100061650003100142650001500173700002800188773004500216180718b xxu||||| |||| 00| 0 eng d aShrestha, Rajendra B aAdoption and diffusion of drip irrigation technolgy: an econometric analysis a Drip Irrigation Technolgy aIrrigation aGopalakrishnan, Chennat aEconomic development and Cultural change